|
|
|
|
| LEADER |
00000nab a2200000 a 4500 |
| 001 |
vtls000912383 |
| 003 |
SK-MaSNL |
| 005 |
20260305021138.0 |
| 008 |
040720e19910107xo 0 slo |
| 035 |
|
|
|a KE21292
|
| 040 |
|
|
|a KEVKJB
|b slo
|c KEVKJB
|e AACR2
|
| 041 |
0 |
|
|a slo
|
| 044 |
|
|
|a xo
|c SK
|
| 080 |
|
|
|a 745.52.071.1
|2 1981
|
| 080 |
|
|
|a 061.4
|2 1981
|
| 080 |
|
|
|a 929
|2 1981
|
| 100 |
1 |
|
|a Kuxová, Milena
|4 aut
|9 428458
|
| 245 |
1 |
0 |
|a Žiarivé spektrum farieb
|b Na výstave akad. maliarky Kataríny Tekeľovej-Blažovej
|
| 590 |
|
|
|a Tekeľová-Blažová, Katarína
|b akademická maliarka
|
| 600 |
1 |
7 |
|a Tekeľová Blažová, Katarína,
|d 1945-
|2 KEVKJB
|9 145341
|
| 650 |
0 |
7 |
|a gobelíny
|2 KEVKJB
|9 23412
|
| 650 |
0 |
7 |
|a výstavy
|2 KEVKJB
|9 2780
|
| 651 |
|
7 |
|a Košice (Slovensko)
|2 KEVKJB
|9 18694
|
| 651 |
|
7 |
|a KE,
|2 KEVKJB
|9 877256
|
| 655 |
|
7 |
|a periodikum
|2 snkbucl
|9 29553
|
| 773 |
0 |
8 |
|t Košický večer
|g Roč. 2
|g Roč. 28, č.4, 7.1.1991, s. 5
|
| 852 |
|
|
|a ZVYKNI
|b KIS3GCP
|
| 999 |
|
|
|c 3284101
|d 3286031
|